000 00636cab a2200217 4500
001 WB3128-09
008 090401t1995 xxu||||| |||| 00| 0 eng d
035 _a(Sirsi) u35361
041 _aeng
245 _aGrowth of small business centres
260 _c1995
350 _a0
490 _aFinancial Times
_v18 July 1995, 12(2)
520 _aHighlights the growth in small business centres and the flexibility offered to both tenants and landlords.
650 _aBUSINESS CENTRES
650 _aFLEXIBLE WORKSPACE
650 _aSMALL BUSINESSES
690 _aPROPERTY-COMMERCIAL PROPERTY
942 _n0
948 _c04/03/1997
999 _c23163
_d23163